Датчик тока для устройства контроля искрения; Электротехника, электромеханика и электротехнологии; Т. 1: Секция 1-2. Электроизоляционная и кабельная техника. Электротехническое материаловедение и электротехнологии. Секции 8-9. Электрические машины. Электрические и электронные аппараты. Секция 10. Инженерная и компьютерная графика

Détails bibliographiques
Parent link:Электротехника, электромеханика и электротехнологии: труды IX региональной научно-практической студенческой конференции, 2-5 июня 2009 г., Томск/ Томский политехнический университет (ТПУ), Электротехнический институт (ЭЛТИ).— , 2009
Т. 1: Секция 1-2. Электроизоляционная и кабельная техника. Электротехническое материаловедение и электротехнологии. Секции 8-9. Электрические машины. Электрические и электронные аппараты. Секция 10. Инженерная и компьютерная графика.— 2009.— С. 179-182
Auteur principal: Высоцкий С. Э.
Autres auteurs: Осадченко А. А. (научный руководитель)
Langue:russe
Publié: 2009
Sujets:
Format: Chapitre de livre
KOHA link:https://koha.lib.tpu.ru/cgi-bin/koha/opac-detail.pl?biblionumber=197914

MARC

LEADER 00000naa2a2200000 4500
001 197914
005 20231031183642.0
035 |a (RuTPU)RU\TPU\book\215879 
090 |a 197914 
100 |a 20110620d2009 k y0rusy50 ca 
101 0 |a rus 
102 |a RU 
200 1 |a Датчик тока для устройства контроля искрения  |f С. Э. Высоцкий  |g науч. рук. А. А. Осадченко 
320 |a Библиогр.: 4 назв. 
461 1 |0 (RuTPU)RU\TPU\book\209139  |t Электротехника, электромеханика и электротехнологии  |o труды IX региональной научно-практической студенческой конференции, 2-5 июня 2009 г., Томск  |f Томский политехнический университет (ТПУ), Электротехнический институт (ЭЛТИ)  |d 2009 
463 0 |0 (RuTPU)RU\TPU\book\208721  |t Т. 1: Секция 1-2. Электроизоляционная и кабельная техника. Электротехническое материаловедение и электротехнологии. Секции 8-9. Электрические машины. Электрические и электронные аппараты. Секция 10. Инженерная и компьютерная графика  |v С. 179-182  |d 2009  |p 280 с. 
610 1 |a искрение 
610 1 |a контроль 
610 1 |a устройства контроля 
610 1 |a электровигатели 
610 1 |a тяговые электродвигатели 
610 1 |a труды учёных ТПУ 
700 1 |a Высоцкий  |b С. Э. 
702 1 |a Осадченко  |b А. А.  |4 727 
801 1 |a RU  |b 63413507  |c 20110620 
801 2 |a RU  |b 63413507  |c 20111118  |g RCR 
942 |c BK